000
00312nam a2200121Ia 4500
008
220217s9999||||xx |||||||||||||| ||und||
082
_a
894.814 3 TEJ
100
_a
Tejaswi, Poornachandra, K.P
245
0
_a
Karvalo
260
_a
Pusthaka prakasana
_b
Mysore
_c
2002
300
_b
66
650
_a
GENERAL BOOKS
999
_c
172418
_d
172418